000 00788nam a2200229Ia 4500
008 130821s1990 ru gr spa
020 _a5 03 001555 8
040 _aCo-BoUCM
_bspa
_cnuevo
_dAldemar Mondragón (modificó)
041 0 0 _aspa
100 1 _aErshov, Yu.
_940479
245 1 0 _aLógica matemática
_cYu. Ershov, E. Paliutin ; traducido por M. A. Andrianova
260 _aMoscú (Rusia)
_bMir Moscú
_c1990
300 _a277 páginas
650 _aFilosofía de las matemáticas
_915784
650 _aLógica simbólica y matemática
_918802
650 _aLógica
_918789
650 _aMatemáticas
_919031
700 1 _aAdrianova, M. A.
_tr.
_940480
700 1 _aPaliutin, E.
_940481
942 _cLIBRO
_a25
_e1
_mE731L
_2DEWEY
_h511.3
999 _c78329
_d78329